| 000 | 02307cam a22004574i 4500 | ||
|---|---|---|---|
| 003 | PE-LiUPU | ||
| 005 | 20250731173101.0 | ||
| 008 | 150623s1995 xxu r 000 0 eng d | ||
| 035 | _a(Sirsi) a24608 | ||
| 040 |
_aPE-LiUPU _bspa _cPE-LiUPU _erda |
||
| 082 | 0 | 4 |
_a286.7 _bG37CH _221 |
| 110 | 2 | _aGeneral Conference of Seventh-day Adventists | |
| 245 | 1 | 0 | _aChurch manual. |
| 264 | 1 |
_aHagerstown, Maryland : _bReview and Herald Publishing Association, _c1995. |
|
| 300 |
_a229 páginas ; _c21 centímetros |
||
| 336 |
_atext _2rdacontent |
||
| 337 |
_aunmediated _2rdamedia |
||
| 338 |
_avolume _2rdacarrier |
||
| 500 | _aOtra ed.: 1990. | ||
| 505 | 0 | _aPreface. - The church of the living god -- Fundamental beliefs of seventh-day adventists -- Organization founded on divine principles -- The form of organization in the seventh-day adventist -- Church membeship -- Church Officers and their duties -- The services and meetings of the churchs -- Auxiliary Organizations of the church and Their officers -- Ministers and workers in relation to the church -- The church election -- Gospel finance -- Standards of christian living -- Church discipline -- Organizing, Uniting, and disbandig churches -- Divorce and remarrige -- The pulpit not a forum -- Outline of doctrinal beliegs. | |
| 526 | _aSEG42 | ||
| 526 | _aSEG41 | ||
| 526 | _aSEG40 | ||
| 526 | _aSEG39 | ||
| 526 | _aP94 | ||
| 526 | _aP87 | ||
| 526 | _aP86 | ||
| 526 | _aP85 | ||
| 526 | _aP77 | ||
| 526 | _aP76 | ||
| 526 | _aP35 | ||
| 610 | 2 |
_aIASD _vManuales. |
|
| 942 |
_2ddc _cBOOK |
||
| 949 |
_a286.7 G37CH _wDEWEY _c1 _i48946 _lCCODEBUL1 _mBUL _p20.00 _r0 _sY _tBOOK _u2015-06-24 _xTEOLOGIA _PP35 _0COMPRA _o.STAFF. Colección Teología |
||
| 949 |
_a286.7 G37CH _wDEWEY _c2 _i49843 _lCCODEBUL1 _mBUL _p20.00 _r0 _sY _tBOOK _u2015-06-24 _xTEOLOGIA _PP35 _0COMPRA _o.STAFF. Colección Teología |
||
| 596 | _a1 | ||
| 999 |
_a286.7 G37CH _wDEWEY _c28107 _i48946 _f2021-11-11 _g6 _lCCODEBUL1 _mBUL _p20.00 _r0 _sY _tBOOK _u2015-6-24 _xTEOLOGIA _PP35 _0COMPRA _o.STAFF. Colección Teología _d28107 |
||
| 999 |
_a286.7 G37CH _wDEWEY _c2 _i49843 _f2021-11-11 _g6 _lCCODEBUL1 _mBUL _p20.00 _r0 _sY _tBOOK _u2015-6-24 _xTEOLOGIA _PP35 _0COMPRA _o.STAFF. Colección Teología |
||
| 980 |
_81 _gALBERTO SANCHEZ Responsable de Automatización |
||